Children's rights and the minimum age of criminal responsibility : (Record no. 19298)
[ view plain ]
| 000 -LEADER | |
|---|---|
| fixed length control field | 00781cam a22002534a 4500 |
| 020 ## - INTERNATIONAL STANDARD BOOK NUMBER | |
| ISBN | 9780754677307 (alk. paper) |
| 020 ## - INTERNATIONAL STANDARD BOOK NUMBER | |
| ISBN | 0754677303 (alk. paper) |
| 020 ## - INTERNATIONAL STANDARD BOOK NUMBER | |
| ISBN | 9780754694472 (ebook) |
| 020 ## - INTERNATIONAL STANDARD BOOK NUMBER | |
| ISBN | 075469447X (ebook) |
| 040 ## - CATALOGING SOURCE | |
| Transcribing agency | DLC |
| 082 00 - DEWEY DECIMAL CLASSIFICATION NUMBER | |
| Classification number | 345 INT 2009 C162 Or. |
| 082 #4 - DEWEY DECIMAL CLASSIFICATION NUMBER | |
| Classification number | 340.2 |
| 100 1# - MAIN ENTRY--AUTHOR NAME | |
| Personal name | Cipriani, Don |
| 245 10 - TITLE STATEMENT | |
| Title | Children's rights and the minimum age of criminal responsibility : |
| Remainder of title | a global perspective / |
| 260 ## - PUBLICATION, DISTRIBUTION, ETC. (IMPRINT) | |
| Place of publication | Farnham, England ; |
| -- | Burlington, VT : |
| Name of publisher | Ashgate Pub., |
| Year of publication | c2009 |
| 300 ## - PHYSICAL DESCRIPTION | |
| Number of Pages | xvi, 232 p. : |
| Other physical details | ill. ; |
| Dimensions | 24 cm |
| 490 1# - SERIES STATEMENT | |
| Series statement | Advances in criminology |
| 650 #0 - SUBJECT ADDED ENTRY--TOPICAL TERM | |
| Topical Term | Criminal liability |
| 650 #0 - SUBJECT ADDED ENTRY--TOPICAL TERM | |
| Topical Term | Capacity and disability |
| 650 #0 - SUBJECT ADDED ENTRY--TOPICAL TERM | |
| Topical Term | Age (Law) |
| 650 #0 - SUBJECT ADDED ENTRY--TOPICAL TERM | |
| Topical Term | Children |
| 650 #0 - SUBJECT ADDED ENTRY--TOPICAL TERM | |
| Topical Term | Children (International law) |
| 942 ## - ADDED ENTRY ELEMENTS (KOHA) | |
| Koha item type | ADB |
| 952 ## - LOCATION AND ITEM INFORMATION (KOHA) | |
| Withdrawn status [LOCAL, KOHA] | 0 |
| Source of acquisition | Permanent Location | Date acquired | Koha item type | Lost status | Shelving location | Current Location | Full call number |
|---|---|---|---|---|---|---|---|
| A39093 | Library Block C | 2020-09-07 | សៀវភៅភាសាអង់គ្លេស | C162 | Library Block C | 345 INT 2009 C162 Or. |